[Event "Titled Tuesday intern op 10th Sep Late"]
[Site "Chess,com INT"]
[Date "2024.09.10"]
[Round "8"]
[White "Wanyama, Harold"]
[Black "Broca Jimenez, Fernando"]
[Result "1-0"]
[WhiteElo "2154"]
[BlackElo "2075"]
[PlyCount "49"]
[EventDate "2024.09.10"]
[EventType "swiss (blitz)"]
[EventRounds "11"]
[EventCountry "USA"]
[SourceTitle "EXT 2025"]
[Source "ChessBase"]
[SourceDate "2024.10.14"]
[SourceVersion "1"]
[SourceVersionDate "2024.10.14"]
[SourceQuality "1"]

1. d4 Nf6 2. c4 e6 3. g3 b6 4. Bg2 d5 5. Nf3 Bb7 6. 0-0 dxc4 7. Qc2 Be7 8. Nbd2 0-0 9. Nxc4 Nbd7 10. Re1 c5 11. dxc5 Nxc5 12. Rd1 Qc7 13. Bf4 Qc8 14. Rac1 Nce4 15. Qb1 Rd8 16. Nd6 Qd7 17. Nxb7 Qxb7 18. Rc7 Rxd1+ 19. Qxd1 Qd5 20. Qc2 Bd6 21. Bxd6 Qxd6 22. Ng5 Rd8 23. Nxe4 Nxe4 24. Bxe4 f5 25. Bf3 1-0

[Event "Titled Tuesday intern op 27th Aug Late"]
[Site "Chess.com INT"]
[Date "2024.08.27"]
[Round "6"]
[White "Broca Jimenez, Fernando"]
[Black "Green, Andrew"]
[Result "1-0"]
[WhiteElo "2075"]
[BlackElo "2123"]
[PlyCount "55"]
[EventDate "2024.08.27"]
[EventType "swiss (blitz)"]
[EventRounds "11"]
[EventCountry "USA"]
[SourceTitle "EXT 2025"]
[Source "ChessBase"]
[SourceDate "2024.10.14"]
[SourceVersion "1"]
[SourceVersionDate "2024.10.14"]
[SourceQuality "1"]

1. e4 c5 2. c3 d5 3. exd5 Qxd5 4. d4 g6 5. Nf3 Bg7 6. Be2 cxd4 7. Nxd4 Nf6 8. 0-0 0-0 9. Bf3 Qa5 10. Be3 a6 11. Nd2 Rd8 12. Nc4 Qc7 13. Qb3 e5 14. Nb6 Ra7 15. Nc2 Be6 16. Qa4 Nc6 17. Rad1 e4 18. Be2 Ng4 19. Bxg4 Bxg4 20. Rxd8+ Qxd8 21. Nb4 Ne5 22. h3 Be6 23. Rd1 Nd3 24. Qc2 a5 25. Nxd3 exd3 26. Qxd3 Qe8 27. Qd8 Kf8 28. Bc5+ 1-0

[Event "Titled Tuesday intern op 27th Aug Late"]
[Site "Chess.com INT"]
[Date "2024.08.27"]
[Round "2"]
[White "Cervantes Landeiro, Thalia"]
[Black "Broca Jimenez, Fernando"]
[Result "1-0"]
[WhiteElo "2303"]
[BlackElo "2075"]
[PlyCount "115"]
[EventDate "2024.08.27"]
[EventType "swiss (blitz)"]
[EventRounds "11"]
[EventCountry "USA"]
[SourceTitle "EXT 2025"]
[Source "ChessBase"]
[SourceDate "2024.10.14"]
[SourceVersion "1"]
[SourceVersionDate "2024.10.14"]
[SourceQuality "1"]

1. d4 Nf6 2. c4 e6 3. Nf3 b6 4. g3 Bb7 5. Bg2 Be7 6. 0-0 0-0 7. Re1 d5 8. cxd5 exd5 9. Nc3 c6 10. Ne5 Nbd7 11. e4 Nxe5 12. dxe5 Nxe4 13. Nxe4 dxe4 14. Bxe4 Qc7 15. Bf4 c5 16. e6 Qc8 17. Bxb7 Qxb7 18. Qd7 Qxd7 19. exd7 Bf6 20. Re2 h6 21. Rae1 Rad8 22. Rd1 Bd4 23. Bd6 Rxd7 24. Bxf8 Kxf8 25. Kg2 g6 26. b3 Kg7 27. Rde1 Bf6 28. Re8 Rd6 29. R1e2 b5 30. Rc8 Bd4 31. Rc7 a6 32. Ree7 Rf6 33. f4 g5 34. Kf3 h5 35. h4 g4+ 36. Ke4 Kg6 37. Rc8 Kg7 38. f5 a5 39. Rcc7 c4 40. Kxd4 cxb3 41. axb3 a4 42. bxa4 bxa4 43. Ke4 a3 44. Ra7 a2 45. Rxa2 Rb6 46. Raa7 Rb4+ 47. Kd5 Rb5+ 48. Kc4 Rxf5 49. Kd4 Rf3 50. Ke4 Rf1 51. Re5 Re1+ 52. Kd4 Rd1+ 53. Ke4 Kg6 54. Ra6+ f6 55. Ree6 Re1+ 56. Kf4 Rf1+ 57. Ke3 Re1+ 58. Kf2 1-0

[Event "Titled Tuesday intern op 20th Aug Late"]
[Site "Chess.com INT"]
[Date "2024.08.20"]
[Round "7"]
[White "Hoffmann, Asa"]
[Black "Broca Jimenez, Fernando"]
[Result "1-0"]
[WhiteElo "2185"]
[BlackElo "2075"]
[PlyCount "73"]
[EventDate "2024.08.20"]
[EventType "swiss (blitz)"]
[EventRounds "11"]
[EventCountry "USA"]
[SourceTitle "EXT 2025"]
[Source "ChessBase"]
[SourceDate "2024.10.14"]
[SourceVersion "1"]
[SourceVersionDate "2024.10.14"]
[SourceQuality "1"]

1. d4 Nf6 2. Bg5 Ne4 3. Bf4 c5 4. f3 Nf6 5. dxc5 Qa5+ 6. Nc3 Qxc5 7. e4 Nc6 8. Qd2 d6 9. Nb5 Qb6 10. Be3 Qd8 11. c4 g6 12. Bd3 Bg7 13. Ne2 0-0 14. Bh6 a6 15. Nbc3 Ne5 16. Bxg7 Kxg7 17. 0-0-0 Be6 18. Nd5 Nxc4 19. Bxc4 Rc8 20. Nxf6 exf6 21. b3 Bxc4 22. bxc4 Rxc4+ 23. Kb1 Qb6+ 24. Ka1 Rfc8 25. Rc1 Qf2 26. Rxc4 Rxc4 27. Rg1 b5 28. Qd3 h5 29. h3 h4 30. f4 a5 31. Qf3 Qc5 32. Rd1 Rc2 33. Qd3 b4 34. g4 hxg3 35. Nxg3 a4 36. Kb1 a3 37. Qxc2 1-0

[Event "Titled Tuesday intern op 20th Aug Late"]
[Site "Chess.com INT"]
[Date "2024.08.20"]
[Round "6"]
[White "Starcevic, Ante Leon"]
[Black "Broca Jimenez, Fernando"]
[Result "1/2-1/2"]
[WhiteElo "2175"]
[BlackElo "2075"]
[PlyCount "109"]
[EventDate "2024.08.20"]
[EventType "swiss (blitz)"]
[EventRounds "11"]
[EventCountry "USA"]
[SourceTitle "EXT 2025"]
[Source "ChessBase"]
[SourceDate "2024.10.14"]
[SourceVersion "1"]
[SourceVersionDate "2024.10.14"]
[SourceQuality "1"]

1. e4 e5 2. Nf3 Nc6 3. Bb5 a6 4. Ba4 Nf6 5. d3 b5 6. Bb3 Be7 7. a4 Rb8 8. axb5 axb5 9. Nc3 0-0 10. 0-0 d6 11. Nd5 Bg4 12. c3 Re8 13. Ne3 Bh5 14. h3 Bg6 15. Nh4 Nh5 16. Nxg6 hxg6 17. Nd5 Bg5 18. Qf3 Nf4 19. Nxf4 exf4 20. Bxf4 Bxf4 21. Qxf4 Ne5 22. Rfd1 Qe7 23. Qe3 c5 24. f4 Nc6 25. Bd5 Rb6 26. Qg3 Qf6 27. Qf2 Ne7 28. Bb3 Reb8 29. Ra7 c4 30. Bc2 d5 31. e5 Qe6 32. d4 b4 33. g4 Nc6 34. f5 gxf5 35. Bxf5 Qh6 36. Rxf7 Kxf7 37. Bg6+ Ke7 38. Qf7+ Kd8 39. Qxd5+ Kc7 40. Bf5 Qe3+ 41. Kh1 R8b7 42. Qd7+ Kb8 43. Qc8+ Ka7 44. Ra1+ Ra6 45. Rxa6+ Kxa6 46. Qxc6+ Ka7 47. Qc5+ Kb8 48. Qd6+ Ka7 49. Qc5+ Kb8 50. Qd5 bxc3 51. Qd8+ Ka7 52. Qa5+ Kb8 53. Qd8+ Ka7 54. Qa5+ Kb8 55. Qd8+ 1/2-1/2

[Event "Titled Tuesday intern op 20th Aug Late"]
[Site "Chess.com INT"]
[Date "2024.08.20"]
[Round "4"]
[White "Yagiz, Yasin Emrah"]
[Black "Broca Jimenez, Fernando"]
[Result "1-0"]
[WhiteElo "2113"]
[BlackElo "2075"]
[PlyCount "71"]
[EventDate "2024.08.20"]
[EventType "swiss (blitz)"]
[EventRounds "11"]
[EventCountry "USA"]
[SourceTitle "EXT 2025"]
[Source "ChessBase"]
[SourceDate "2024.10.14"]
[SourceVersion "1"]
[SourceVersionDate "2024.10.14"]
[SourceQuality "1"]

1. Nf3 c5 2. c4 g6 3. g3 Bg7 4. Bg2 Nc6 5. 0-0 Nf6 6. d4 cxd4 7. Nxd4 0-0 8. Nc2 d6 9. Nc3 Bd7 10. b3 Rc8 11. e4 Qc7 12. Bb2 a6 13. Nd5 Nxd5 14. Bxg7 Kxg7 15. exd5 Nb8 16. Re1 Rfe8 17. a4 b5 18. axb5 axb5 19. Qd4+ Kg8 20. Ra7 Qc5 21. Qxc5 Rxc5 22. Ne3 bxc4 23. bxc4 Kf8 24. Rb1 Bf5 25. Nxf5 gxf5 26. Bf1 h6 27. Bd3 Kg7 28. Rbb7 Kf6 29. f4 Rcc8 30. Kf2 h5 31. Ke3 Rcd8 32. Kd4 Rc8 33. Be2 h4 34. gxh4 Rcd8 35. h5 Rf8 36. h6 1-0

[Event "Titled Tuesday intern op 13th Aug Late"]
[Site "Chess.com INT"]
[Date "2024.08.13"]
[Round "10"]
[White "Beulen, Marcel"]
[Black "Broca Jimenez, Fernando"]
[Result "1-0"]
[WhiteElo "2359"]
[BlackElo "2075"]
[PlyCount "107"]
[EventDate "2024.08.13"]
[EventType "swiss (blitz)"]
[EventRounds "11"]
[EventCountry "USA"]
[SourceTitle "EXT 2025"]
[Source "ChessBase"]
[SourceDate "2024.10.14"]
[SourceVersion "1"]
[SourceVersionDate "2024.10.14"]
[SourceQuality "1"]

1. e4 c5 2. Nf3 g6 3. c3 Bg7 4. d4 cxd4 5. cxd4 d5 6. e5 Bg4 7. Bb5+ Nc6 8. Bxc6+ bxc6 9. Nbd2 e6 10. Qa4 Ne7 11. h3 Bxf3 12. Nxf3 0-0 13. 0-0 Qc7 14. Bg5 Rab8 15. b3 h6 16. Bxe7 Qxe7 17. Rac1 c5 18. Rxc5 f6 19. exf6 Bxf6 20. Qc6 Rb6 21. Qc7 Qe8 22. Qxa7 Rb4 23. Rc7 Rf7 24. Rxf7 Qxf7 25. Qxf7+ Kxf7 26. Rd1 Ke7 27. Kf1 Kd7 28. Ke2 Kc6 29. Rc1+ Kb7 30. Kd3 g5 31. Re1 Rb6 32. Ne5 Kc7 33. g4 Kd6 34. Nf7+ Ke7 35. Ne5 Kd6 36. Nf3 Ra6 37. Re2 Rb6 38. Rc2 Rb4 39. Re2 Bg7 40. Rc2 Bf6 41. Rc8 Kd7 42. Rf8 Ke7 43. Rc8 Kd7 44. Rg8 Ke7 45. Ra8 Rb7 46. Ra6 Kf7 47. Rc6 Ke7 48. Kc2 Kd7 49. Ra6 Rc7+ 50. Kd2 Rb7 51. Ra8 Be7 52. Kd3 Bf6 53. Nd2 Rb4 54. Nf3 1-0

[Event "Titled Tuesday intern op 13th Aug Late"]
[Site "Chess.com INT"]
[Date "2024.08.13"]
[Round "3"]
[White "Broca Jimenez, Fernando"]
[Black "Salman, Ilhan Serhat"]
[Result "0-1"]
[WhiteElo "2075"]
[BlackElo "2092"]
[PlyCount "82"]
[EventDate "2024.08.13"]
[EventType "swiss (blitz)"]
[EventRounds "11"]
[EventCountry "USA"]
[SourceTitle "EXT 2025"]
[Source "ChessBase"]
[SourceDate "2024.10.14"]
[SourceVersion "1"]
[SourceVersionDate "2024.10.14"]
[SourceQuality "1"]

1. e4 b6 2. d4 Bb7 3. Bd3 c5 4. c3 cxd4 5. cxd4 g6 6. Nf3 Bg7 7. 0-0 Nf6 8. Nc3 0-0 9. Qe2 d6 10. h3 Nc6 11. Bg5 Rc8 12. Rac1 Nb4 13. Bb1 Ba6 14. Nb5 Qd7 15. a4 Bxb5 16. Qxb5 Qxb5 17. axb5 a5 18. Rfd1 h6 19. Be3 g5 20. Kf1 Nd7 21. Ke2 Rfe8 22. Bd2 Nf8 23. g3 Ne6 24. Bxb4 axb4 25. Kd3 h5 26. d5 Nc5+ 27. Ke3 Bxb2 28. Rc4 b3 29. Nd4 Bxd4+ 30. Kxd4 Kg7 31. Rdc1 Ra8 32. Kc3 Ra1 33. Kb2 Ra5 34. Rb4 Rea8 35. f3 Ra1 36. f4 gxf4 37. gxf4 Kh6 38. e5 dxe5 39. fxe5 R1a5 40. e6 fxe6 41. dxe6 Rf8 0-1

[Event "Titled Tuesday intern op 13th Aug Late"]
[Site "Chess.com INT"]
[Date "2024.08.13"]
[Round "6"]
[White "Reinecke, Katharina"]
[Black "Broca Jimenez, Fernando"]
[Result "0-1"]
[WhiteElo "1960"]
[BlackElo "2075"]
[PlyCount "94"]
[EventDate "2024.08.13"]
[EventType "swiss (blitz)"]
[EventRounds "11"]
[EventCountry "USA"]
[SourceTitle "EXT 2025"]
[Source "ChessBase"]
[SourceDate "2024.10.14"]
[SourceVersion "1"]
[SourceVersionDate "2024.10.14"]
[SourceQuality "1"]

1. d4 Nf6 2. Nf3 e6 3. g3 c5 4. Bg2 cxd4 5. Nxd4 Be7 6. 0-0 0-0 7. c4 d5 8. cxd5 Nxd5 9. e4 Nf6 10. Nc3 Bd7 11. e5 Ne8 12. Ne4 Nc6 13. f4 Nxd4 14. Qxd4 Bc6 15. Be3 Qa5 16. a3 Rd8 17. Qxa7 Qxa7 18. Bxa7 f5 19. Nc5 Bxg2 20. Kxg2 Bxc5 21. Bxc5 Rf7 22. Bb6 Rd3 23. Rad1 Rfd7 24. Rxd3 Rxd3 25. Rf2 Rb3 26. Bc5 Nc7 27. Bd6 Nd5 28. h3 h5 29. Kh2 Kf7 30. Rc2 h4 31. gxh4 Nxf4 32. Rc7+ Kg6 33. Bf8 Rxb2+ 34. Kg3 Nh5+ 35. Kf3 Rb3+ 36. Ke2 b5 37. Rb7 Nf4+ 38. Kd2 Nxh3 39. Rxg7+ Kh5 40. Be7 f4 41. Rh7+ Kg4 42. Rh6 f3 43. Rxe6 f2 44. Rf6 Nf4 45. Rxf4+ Kxf4 46. Ke2 Rb2+ 47. Kf1 Kf3 0-1

[Event "Titled Tuesday intern op 30th Jul Late"]
[Site "Chess.com INT"]
[Date "2024.07.30"]
[Round "4"]
[White "Bajaj, Prakhar"]
[Black "Broca Jimenez, Fernando"]
[Result "0-1"]
[WhiteElo "2232"]
[BlackElo "2075"]
[PlyCount "97"]
[EventDate "2024.07.30"]
[EventType "swiss (blitz)"]
[EventRounds "11"]
[EventCountry "USA"]
[SourceTitle "EXT 2025"]
[Source "ChessBase"]
[SourceDate "2024.10.14"]
[SourceVersion "1"]
[SourceVersionDate "2024.10.14"]
[SourceQuality "1"]

1. e4 e5 2. Nf3 Nc6 3. Bb5 a6 4. Ba4 Nf6 5. 0-0 Be7 6. Re1 b5 7. Bb3 d6 8. c3 0-0 9. h3 Na5 10. Bc2 c5 11. d4 Qc7 12. d5 Re8 13. a4 c4 14. Na3 Bd7 15. Be3 Nb7 16. axb5 axb5 17. Qd2 Nc5 18. Bxc5 Qxc5 19. Qe3 Qxe3 20. Rxe3 Bd8 21. Ree1 Bb6 22. Kf1 Bc5 23. Nd2 Reb8 24. Ke2 Nh5 25. Rec1 Nf4+ 26. Kf1 g6 27. h4 f5 28. g3 Nh5 29. Kg2 f4 30. Bd1 fxg3 31. fxg3 Nf6 32. Nc2 Ng4 33. Rxa8 Rxa8 34. Bxg4 Bxg4 35. Ra1 Rxa1 36. Nxa1 Be3 37. Nf1 Bc1 38. b4 Bd1 39. Kf2 Bb2 40. Ke1 Ba4 41. Kd2 Bxa1 42. Ne3 Kf7 43. Ng4 h5 44. Nf2 Bb3 45. g4 Ba2 46. gxh5 gxh5 47. Nh1 Bb1 48. Ng3 Kg6 49. Ke3 0-1

[Event "Titled Tuesday intern op 05th Mar Late"]
[Site "Chess.com INT"]
[Date "2024.03.05"]
[Round "6"]
[White "Broca Jimenez, Fernando"]
[Black "Rios Escobar, Adan"]
[Result "0-1"]
[WhiteElo "2075"]
[BlackElo "2234"]
[PlyCount "46"]
[EventDate "2024.03.05"]
[EventType "swiss (blitz)"]
[EventRounds "11"]
[EventCountry "USA"]
[SourceTitle "EXT 2025"]
[Source "ChessBase"]
[SourceDate "2024.10.14"]
[SourceVersion "1"]
[SourceVersionDate "2024.10.14"]
[SourceQuality "1"]

1. e4 c5 2. c3 d5 3. exd5 Qxd5 4. d4 Nc6 5. Nf3 Bf5 6. Be2 cxd4 7. cxd4 Bxb1 8. Rxb1 Nf6 9. 0-0 e6 10. Bf4 Be7 11. Qa4 0-0 12. Rfd1 Rfd8 13. Bb5 Qf5 14. Be5 Rac8 15. Rbc1 Ng4 16. h3 Ngxe5 17. dxe5 Nxe5 18. Nxe5 Qxe5 19. Rxc8 Rxc8 20. Qxa7 Qxb5 21. a4 Qxb2 22. a5 Qb5 23. Rd7 Qxd7 0-1

[Event "Titled Tuesday intern op 05th Mar Late"]
[Site "Chess.com INT"]
[Date "2024.03.05"]
[Round "9"]
[White "De Souza, Cristiano Gomes"]
[Black "Broca Jimenez, Fernando"]
[Result "1-0"]
[WhiteElo "2018"]
[BlackElo "2075"]
[PlyCount "75"]
[EventDate "2024.03.05"]
[EventType "swiss (blitz)"]
[EventRounds "11"]
[EventCountry "USA"]
[SourceTitle "EXT 2025"]
[Source "ChessBase"]
[SourceDate "2024.10.14"]
[SourceVersion "1"]
[SourceVersionDate "2024.10.14"]
[SourceQuality "1"]

1. d4 g6 2. c4 Bg7 3. Nc3 Nf6 4. e4 d6 5. Nf3 0-0 6. Be2 e5 7. 0-0 Nc6 8. d5 Ne7 9. Ne1 Ne8 10. Be3 f5 11. f3 f4 12. Bf2 g5 13. c5 Rf6 14. Nd3 Ng6 15. a4 Bf8 16. cxd6 cxd6 17. Nb5 a6 18. Na3 Bd7 19. Nc4 h5 20. Qb3 Rb8 21. Bb6 Qe7 22. Rfc1 g4 23. Ne1 Ng7 24. Bc7 Rd8 25. Bxd8 Qxd8 26. Qxb7 Bc8 27. Qb6 Qe8 28. Qb8 Nh4 29. Nxd6 Rxd6 30. Rxc8 Qf7 31. fxg4 hxg4 32. Bxg4 Rg6 33. Bf3 Rxg2+ 34. Bxg2 f3 35. Nxf3 Nxg2 36. Rxf8+ Qxf8 37. Qxf8+ Kxf8 38. Kxg2 1-0

[Event "Titled Tuesday intern op 05th Mar Late"]
[Site "Chess.com INT"]
[Date "2024.03.05"]
[Round "5"]
[White "Martinez, Jorge Alexander"]
[Black "Broca Jimenez, Fernando"]
[Result "0-1"]
[WhiteElo "2154"]
[BlackElo "2075"]
[PlyCount "48"]
[EventDate "2024.03.05"]
[EventType "swiss (blitz)"]
[EventRounds "11"]
[EventCountry "USA"]
[SourceTitle "EXT 2025"]
[Source "ChessBase"]
[SourceDate "2024.10.14"]
[SourceVersion "1"]
[SourceVersionDate "2024.10.14"]
[SourceQuality "1"]

1. e4 c5 2. b4 cxb4 3. a3 d5 4. e5 e6 5. axb4 Bxb4 6. c3 Be7 7. d4 f5 8. f4 Nh6 9. Nf3 Nf7 10. Bd3 Bd7 11. 0-0 Nc6 12. Ba3 0-0 13. Kh1 a6 14. Bxe7 Qxe7 15. Rg1 Rac8 16. g4 fxg4 17. Rxg4 Nh6 18. Rg3 Rxf4 19. Nbd2 Rcf8 20. Ng5 Nf5 21. Bxf5 R8xf5 22. Qg1 Nd8 23. c4 dxc4 24. Nxc4 Bc6+ 0-1

[Event "Titled Tuesday intern op 21st Nov Late"]
[Site "Chess.com INT"]
[Date "2023.11.21"]
[Round "5"]
[White "Batsiashvili, Nino"]
[Black "Broca Jimenez, Fernando"]
[Result "1-0"]
[WhiteElo "2487"]
[BlackElo "2075"]
[PlyCount "143"]
[EventDate "2023.11.21"]
[EventType "swiss (blitz)"]
[EventRounds "11"]
[EventCountry "USA"]
[SourceTitle "EXT 2025"]
[Source "ChessBase"]
[SourceDate "2024.10.14"]
[SourceVersion "1"]
[SourceVersionDate "2024.10.14"]
[SourceQuality "1"]

1. d4 Nf6 2. c4 e6 3. Nc3 Bb4 4. Nf3 c5 5. dxc5 Bxc5 6. e3 0-0 7. Be2 Nc6 8. 0-0 d5 9. cxd5 Nxd5 10. Nxd5 Qxd5 11. Qxd5 exd5 12. Bd2 Bg4 13. Rac1 Bb6 14. Bc3 Rad8 15. h3 Bxf3 16. Bxf3 d4 17. exd4 Nxd4 18. Bxd4 Bxd4 19. Rc2 b6 20. Rd2 Bf6 21. Rfd1 Rxd2 22. Rxd2 Rd8 23. Rc2 g6 24. g3 Kg7 25. b4 Rd7 26. b5 Be5 27. Rc8 Bd4 28. Kf1 Re7 29. Bd5 Re5 30. Rd8 Bc5 31. a4 Re7 32. Ra8 h5 33. h4 Kf6 34. Kg2 Ke5 35. Bb3 Kd4 36. Rf8 f5 37. Rf6 Re2 38. Rxg6 Kc3 39. Bf7 Rxf2+ 40. Kh1 Kb4 41. Rg5 Rf1+ 42. Kg2 Rf2+ 43. Kh3 Kxa4 44. Bxh5 Kxb5 45. Bg6 a5 46. h5 a4 47. h6 Bd4 48. Bxf5 Kb4 49. h7 a3 50. Rg4 Rxf5 51. Rxd4+ Kc5 52. h8Q Rh5+ 53. Qxh5+ Kxd4 54. Qb5 Kc3 55. Qxb6 a2 56. Qa5+ Kb2 57. g4 a1Q 58. Qxa1+ Kxa1 59. g5 Kb2 60. g6 Kc3 61. g7 Kd4 62. g8Q Ke5 63. Qf7 Kd6 64. Kg4 Ke5 65. Qf5+ Kd6 66. Kf4 Kc6 67. Ke4 Kd6 68. Qd5+ Ke7 69. Ke5 Kf8 70. Qb7 Ke8 71. Ke6 Kf8 72. Qf7# 1-0

[Event "Titled Tuesday intern op 21st Nov Late"]
[Site "Chess.com INT"]
[Date "2023.11.21"]
[Round "9"]
[White "Broca Jimenez, Fernando"]
[Black "Sarkar, Justin"]
[Result "0-1"]
[WhiteElo "2075"]
[BlackElo "2289"]
[PlyCount "44"]
[EventDate "2023.11.21"]
[EventType "swiss (blitz)"]
[EventRounds "11"]
[EventCountry "USA"]
[SourceTitle "EXT 2025"]
[Source "ChessBase"]
[SourceDate "2024.10.14"]
[SourceVersion "1"]
[SourceVersionDate "2024.10.14"]
[SourceQuality "1"]

1. e4 e5 2. Nf3 Nc6 3. Bb5 a6 4. Ba4 Nf6 5. 0-0 Nxe4 6. d4 b5 7. Bb3 d5 8. dxe5 Be6 9. Nbd2 Nc5 10. c3 Bg4 11. Bc2 Qd7 12. Re1 Be7 13. h3 Bf5 14. Nd4 Nxd4 15. cxd4 Nd3 16. Re3 Nb4 17. Bxf5 Qxf5 18. Rf3 Qc2 19. Qe2 0-0 20. a3 Nc6 21. Qd3 Qd1+ 22. Kh2 f6 0-1

[Event "Titled Tuesday intern op 21st Nov Late"]
[Site "Chess.com INT"]
[Date "2023.11.21"]
[Round "7"]
[White "Herman, Matthew J"]
[Black "Broca Jimenez, Fernando"]
[Result "1/2-1/2"]
[WhiteElo "2383"]
[BlackElo "2075"]
[PlyCount "131"]
[EventDate "2023.11.21"]
[EventType "swiss (blitz)"]
[EventRounds "11"]
[EventCountry "USA"]
[SourceTitle "EXT 2025"]
[Source "ChessBase"]
[SourceDate "2024.10.14"]
[SourceVersion "1"]
[SourceVersionDate "2024.10.14"]
[SourceQuality "1"]

1. e4 c5 2. Nf3 g6 3. d4 cxd4 4. Nxd4 Nc6 5. Nb3 Nf6 6. Nc3 Bg7 7. Be3 d6 8. Qd2 0-0 9. 0-0-0 Be6 10. Kb1 Na5 11. Nd4 Nc4 12. Bxc4 Bxc4 13. Bh6 Rc8 14. h4 Rc5 15. f3 Bxh6 16. Qxh6 Rh5 17. Qd2 Rc5 18. g4 h5 19. gxh5 Rxh5 20. f4 Qa5 21. f5 Nxe4 22. Qe3 Nxc3+ 23. Qxc3 Qxc3 24. bxc3 Kg7 25. fxg6 fxg6 26. Rhe1 e5 27. Nb3 Bxb3 28. axb3 Rf6 29. Re4 Rhf5 30. Kb2 Rf4 31. Re3 Rxh4 32. Ra1 a6 33. Ra5 Rh2 34. c4 Rff2 35. Rc3 Rd2 36. c5 Rd5 37. c6 bxc6 38. Rxa6 Rc5 39. Rxc5 dxc5 40. Rxc6 e4 41. Rxc5 e3 42. Re5 e2 43. b4 Kf6 44. Re8 Kf7 45. Re3 g5 46. b5 g4 47. b6 Rh6 48. Rxe2 Rxb6+ 49. Kc3 Rc6+ 50. Kd3 Kg6 51. Re8 Kg5 52. c4 Kf4 53. Kd4 Rd6+ 54. Kc5 Rd1 55. Kb6 g3 56. Rf8+ Ke3 57. c5 g2 58. Rg8 g1Q 59. Rxg1 Rxg1 60. c6 Rb1+ 61. Ka7 Kd4 62. c7 Rc1 63. Kb8 Rb1+ 64. Ka7 Ra1+ 65. Kb8 Rb1+ 66. Ka7 1/2-1/2

[Event "Titled Tuesday intern op 14th Nov Late"]
[Site "Chess.com INT"]
[Date "2023.11.14"]
[Round "1"]
[White "Broca Jimenez, Fernando"]
[Black "Fieberg, Samuel"]
[Result "0-1"]
[WhiteElo "2075"]
[BlackElo "2157"]
[PlyCount "144"]
[EventDate "2023.11.14"]
[EventType "swiss (blitz)"]
[EventRounds "11"]
[EventCountry "USA"]
[SourceTitle "EXT 2025"]
[Source "ChessBase"]
[SourceDate "2024.10.14"]
[SourceVersion "1"]
[SourceVersionDate "2024.10.14"]
[SourceQuality "1"]

1. e4 e6 2. d4 d5 3. exd5 exd5 4. Bd3 Nc6 5. Nf3 Bd6 6. 0-0 Nge7 7. Bg5 f6 8. Bh4 Bf5 9. c3 Qd7 10. Re1 0-0-0 11. b4 Bxd3 12. Qxd3 Nf5 13. Bg3 Bxg3 14. hxg3 h5 15. Nbd2 g5 16. b5 Nce7 17. Re2 h4 18. g4 Nd6 19. a4 h3 20. g3 h2+ 21. Nxh2 Rxh2 22. Kxh2 Qxg4 23. Rxe7 Rh8+ 24. Rh7 Rxh7+ 25. Qxh7 Qe2 26. Qg8+ Kd7 27. Qg7+ Kc8 28. Qf8+ Kd7 29. Qg7+ Kc8 30. Qg8+ Kd7 31. Qxd5 Qxd2 32. Qf3 f5 33. Rd1 Qc2 34. Qd3 Qxf2+ 35. Kh1 Ne4 36. Rg1 g4 37. c4 b6 38. d5 Kd6 39. Qf1 Nxg3+ 40. Rxg3 Qxg3 41. Qg2 Qxg2+ 42. Kxg2 f4 43. Kf2 g3+ 44. Kf3 Ke5 45. a5 Kd4 46. axb6 axb6 47. d6 cxd6 48. Kxf4 g2 49. Kg3 g1Q+ 50. Kf4 Qc1+ 51. Kf5 Qxc4 52. Kf6 Qxb5 53. Ke7 Qc4 54. Kd7 b5 55. Ke7 d5 56. Kf6 b4 57. Ke7 b3 58. Kf6 b2 59. Ke7 Kc3 60. Kf6 d4 61. Ke7 d3 62. Kf6 d2 63. Ke7 Kb3 64. Kf6 Ka2 65. Ke7 Qc2 66. Kf6 b1Q 67. Ke7 Qcc1 68. Kf6 d1Q 69. Ke7 Qe3+ 70. Kf6 Qf5+ 71. Kg7 Qdg1+ 72. Kh8 Qeh3# 0-1

[Event "Titled Tuesday intern op 14th Nov Late"]
[Site "Chess.com INT"]
[Date "2023.11.14"]
[Round "7"]
[White "Broca Jimenez, Fernando"]
[Black "Tsukerman, Julia"]
[Result "1-0"]
[WhiteElo "2075"]
[BlackElo "1718"]
[PlyCount "83"]
[EventDate "2023.11.14"]
[EventType "swiss (blitz)"]
[EventRounds "11"]
[EventCountry "USA"]
[SourceTitle "EXT 2025"]
[Source "ChessBase"]
[SourceDate "2024.10.14"]
[SourceVersion "1"]
[SourceVersionDate "2024.10.14"]
[SourceQuality "1"]

1. e4 c5 2. c3 d5 3. exd5 Qxd5 4. d4 Nf6 5. Nf3 Bg4 6. Be2 e6 7. 0-0 Be7 8. c4 Qd8 9. Nc3 cxd4 10. Qxd4 Nc6 11. Qxd8+ Rxd8 12. Be3 0-0 13. Rfd1 Rxd1+ 14. Rxd1 Rd8 15. Rxd8+ Bxd8 16. h3 Bf5 17. Nd4 Nxd4 18. Bxd4 a6 19. Bf3 b6 20. Kf1 Nd7 21. Na4 e5 22. Be3 Bd3+ 23. Be2 Bc2 24. Nc3 Nc5 25. Ke1 Bd3 26. Bxc5 Bxe2 27. Bxb6 Bxb6 28. Kxe2 Bd4 29. Kd3 Kf8 30. b4 Bxf2 31. Nd5 Be1 32. a3 Ke8 33. Nc7+ Kd7 34. Nxa6 f5 35. Nc5+ Kd6 36. Ke2 Bc3 37. Na4 Bd4 38. c5+ Kc6 39. Kd3 Kb5 40. Nb6 Bb2 41. Nc4 e4+ 42. Kc2 1-0

[Event "Titled Tuesday intern op 14th Nov Late"]
[Site "Chess.com INT"]
[Date "2023.11.14"]
[Round "3"]
[White "Kujawski, Adam"]
[Black "Broca Jimenez, Fernando"]
[Result "1-0"]
[WhiteElo "2111"]
[BlackElo "2075"]
[PlyCount "69"]
[EventDate "2023.11.14"]
[EventType "swiss (blitz)"]
[EventRounds "11"]
[EventCountry "USA"]
[SourceTitle "EXT 2025"]
[Source "ChessBase"]
[SourceDate "2024.10.14"]
[SourceVersion "1"]
[SourceVersionDate "2024.10.14"]
[SourceQuality "1"]

1. e4 c5 2. Nf3 g6 3. c3 Bg7 4. d4 cxd4 5. cxd4 d5 6. exd5 Nf6 7. Bb5+ Nbd7 8. d6 exd6 9. Qe2+ Qe7 10. Qxe7+ Kxe7 11. Nc3 a6 12. Bc4 Nb6 13. Bb3 Be6 14. Bxe6 fxe6 15. Bg5 Rac8 16. 0-0-0 h6 17. Bxf6+ Bxf6 18. Rhe1 d5 19. Re2 Rc6 20. Rde1 Rhc8 21. Kb1 Kf7 22. g4 Nc4 23. Na4 b6 24. h4 Bg7 25. h5 g5 26. a3 Na5 27. Nc3 Nc4 28. Nd1 b5 29. Ne3 Nxe3 30. fxe3 Ke7 31. Nd2 Rf8 32. Rf1 Rxf1+ 33. Nxf1 e5 34. Ng3 exd4 35. Nf5+ 1-0